[Event "Cheliabinsk Panchenko Memorial op-A"]
[Site "Cheliabinsk"]
[Date "2020.09.15"]
[Round "9"]
[White "Zakirov, Timur"]
[Black "Troyanovskiy, Egor"]
[Result "1-0"]
[WhiteElo "1886"]
[BlackElo "1622"]
[PlyCount "73"]
[EventDate "2020.09.07"]
[EventType "swiss"]
[EventRounds "9"]
[EventCountry "RUS"]
[SourceTitle "CBM 198 Extra"]
[Source "ChessBase"]
[SourceDate "2020.11.30"]
[SourceVersion "1"]
[SourceVersionDate "2020.11.30"]
[SourceQuality "1"]

1. e4 e6 2. d4 b6 3. c4 Bb7 4. Nc3 Bb4 5. Bd3 Nf6 6. f3 d5 7. cxd5 exd5 8. Qa4+ Nc6 9. Bb5 Bxc3+ 10. bxc3 Qd7 11. e5 Ng8 12. Ne2 Nge7 13. Qc2 0-0 14. Bd3 Ng6 15. Bf5 Qd8 16. h4 Re8 17. h5 Nf8 18. g4 Ne7 19. Bg5 c5 20. Kf2 Ba6 21. Rag1 Bxe2 22. Qxe2 cxd4 23. cxd4 Ne6 24. Be3 Nc6 25. Qd3 Nf8 26. g5 g6 27. hxg6 fxg6 28. Rh6 Re7 29. Bxg6 Nxg6 30. Rxg6+ hxg6 31. Qxg6+ Rg7 32. Qxc6 Rc8 33. Qe6+ Kf8 34. Rh1 Rc2+ 35. Kf1 Rg8 36. g6 Qe8 37. Qf6+ 1-0

[Event "Cheliabinsk Panchenko Memorial op-A"]
[Site "Cheliabinsk"]
[Date "2020.09.14"]
[Round "8"]
[White "Troyanovskiy, Egor"]
[Black "Andreev, Konstantin1"]
[Result "0-1"]
[WhiteElo "1622"]
[BlackElo "2018"]
[PlyCount "90"]
[EventDate "2020.09.07"]
[EventType "swiss"]
[EventRounds "9"]
[EventCountry "RUS"]
[SourceTitle "CBM 198 Extra"]
[Source "ChessBase"]
[SourceDate "2020.11.30"]
[SourceVersion "1"]
[SourceVersionDate "2020.11.30"]
[SourceQuality "1"]

1. c4 e6 2. Nc3 d5 3. d4 Nf6 4. Nf3 dxc4 5. e3 a6 6. Bxc4 b5 7. Be2 Bb7 8. 0-0 Nbd7 9. b3 c5 10. Bb2 Be7 11. Rc1 0-0 12. Bd3 Rc8 13. Qe2 Qb6 14. Rfd1 Rfd8 15. Bb1 h6 16. h3 Ba8 17. dxc5 Bxc5 18. Nd2 Qb7 19. Qf3 Qb8 20. Qe2 Be7 21. Nde4 b4 22. Nxf6+ Nxf6 23. Na4 Qb7 24. Qf1 Ne4 25. Rxc8 Rxc8 26. Bd3 Rd8 27. Bxe4 Qxe4 28. Rxd8+ Bxd8 29. Bd4 Qc6 30. f3 Bc7 31. Bc5 a5 32. Qc4 Bb7 33. e4 Ba6 34. Qc1 Bb5 35. Be3 Qd6 36. f4 Qd3 37. Qxc7 Qxe3+ 38. Kh1 Bf1 39. Qc2 Bd3 40. Qc5 Qxf4 41. Nb6 Bxe4 42. Nd7 Qf1+ 43. Qg1 Bxg2+ 44. Kh2 Qxg1+ 45. Kxg1 Be4 0-1

[Event "Cheliabinsk Panchenko Memorial op-A"]
[Site "Cheliabinsk"]
[Date "2020.09.08"]
[Round "2"]
[White "Rezvy, Lev"]
[Black "Troyanovskiy, Egor"]
[Result "1-0"]
[WhiteElo "2003"]
[BlackElo "1622"]
[PlyCount "45"]
[EventDate "2020.09.07"]
[EventType "swiss"]
[EventRounds "9"]
[EventCountry "RUS"]
[SourceTitle "CBM 198 Extra"]
[Source "ChessBase"]
[SourceDate "2020.11.30"]
[SourceVersion "1"]
[SourceVersionDate "2020.11.30"]
[SourceQuality "1"]

1. d4 d6 2. Nf3 g6 3. c4 Bg7 4. g3 Nd7 5. Bg2 e5 6. Nc3 Ne7 7. 0-0 0-0 8. e4 exd4 9. Nxd4 Ne5 10. b3 N7c6 11. Nde2 f5 12. f4 Ng4 13. exf5 Bxf5 14. h3 Nf6 15. g4 Bd7 16. Bb2 Re8 17. Ng3 Qe7 18. Rf2 Qe3 19. Nf1 Qe7 20. g5 Nh5 21. Nd5 Qd8 22. Bxg7 Kxg7 23. Bf3 1-0

[Event "Khanty-Mansiysk Governor Cup rapid 15th"]
[Site "Khanty-Mansiysk"]
[Date "2019.11.28"]
[Round "11"]
[White "Troyanovskiy, Egor"]
[Black "Shafigullina, Zarina"]
[Result "0-1"]
[WhiteElo "1585"]
[BlackElo "2269"]
[PlyCount "154"]
[EventDate "2019.11.26"]
[EventType "swiss (rapid)"]
[EventRounds "11"]
[EventCountry "RUS"]
[SourceTitle "EXT 2021"]
[Source "ChessBase"]
[SourceDate "2020.10.23"]
[SourceVersion "1"]
[SourceVersionDate "2020.10.23"]
[SourceQuality "1"]

1. d4 Nf6 2. Nf3 e6 3. Bf4 c5 4. c3 Nc6 5. e3 b6 6. Nbd2 Bb7 7. Bd3 Be7 8. h3 d6 9. Rc1 Qc7 10. Qe2 0-0 11. 0-0 Rad8 12. Rfd1 Qb8 13. Bb1 Rfe8 14. Ne4 e5 15. dxe5 dxe5 16. Bg3 Nxe4 17. Bxe4 Bf6 18. Bh4 Bxh4 19. Nxh4 Ne7 20. Qf3 Bc8 21. Nf5 Nxf5 22. Bxf5 Bxf5 23. Qxf5 Rd6 24. Rxd6 Qxd6 25. Qc2 Rd8 26. Kf1 Qd2 27. a3 Kf8 28. g3 e4 29. g4 g6 30. a4 f5 31. Kg2 Kg7 32. a5 Rd6 33. axb6 axb6 34. c4 Qxc2 35. Rxc2 Rd3 36. Kg3 Kf6 37. Kf4 g5+ 38. Kg3 f4+ 39. Kg2 fxe3 40. fxe3 Rxe3 41. Rd2 Ke6 42. Rf2 h6 43. Rd2 Rb3 44. Rc2 Ke5 45. Rd2 Rd3 46. Rf2 Kd4 47. Rf6 Rd2+ 48. Kf1 Rxb2 49. Rxh6 Kxc4 50. Rg6 Kd3 51. Rxg5 c4 52. Rd5+ Ke3 53. Rd1 Rh2 54. Re1+ Kf3 55. Kg1 Rxh3 56. Rb1 Kxg4 57. Rxb6 Kf4 58. Kf2 Rh2+ 59. Ke1 Ke3 60. Kd1 c3 61. Rc6 Rd2+ 62. Kc1 Kd3 63. Rd6+ Ke2 64. Rc6 e3 65. Rxc3 Kf2 66. Rc8 Rd4 67. Rf8+ Ke1 68. Kc2 e2 69. Re8 Rd2+ 70. Kc1 Rd4 71. Kc2 Rd2+ 72. Kc1 Rd3 73. Kc2 Rf3 74. Rh8 Kf2 75. Rh2+ Ke3 76. Rh1 Rf1 77. Rh3+ Kf4 0-1

[Event "Moscow op-A 15th"]
[Site "Moscow"]
[Date "2019.01.30"]
[Round "5"]
[White "Troyanovskiy, Egor"]
[Black "Slugin, Yaroslav"]
[Result "0-1"]
[WhiteElo "1592"]
[BlackElo "2095"]
[PlyCount "62"]
[EventDate "2019.01.26"]
[EventType "swiss"]
[EventRounds "9"]
[EventCountry "RUS"]
[SourceTitle "CBM 188 Extra"]
[Source "ChessBase"]
[SourceDate "2019.02.28"]
[SourceVersion "1"]
[SourceVersionDate "2019.02.28"]
[SourceQuality "1"]

1. e4 e6 2. d4 c5 3. d5 d6 4. c4 g6 5. Bd2 Bg7 6. Bc3 e5 7. Bd3 Nf6 8. Nf3 0-0 9. 0-0 Nh5 10. a3 Nf4 11. Bc2 Bg4 12. h3 Bh5 13. Bd2 g5 14. Nc3 Qd7 15. Bxf4 exf4 16. Qd3 Qd8 17. b4 Nd7 18. Ba4 Bxf3 19. Qxf3 Ne5 20. Qe2 f3 21. gxf3 Ng6 22. Rfc1 Qf6 23. Bd7 Qf4 24. Qe3 Qh4 25. Bf5 Bd4 26. Qe2 Nf4 27. Qf1 Qg3+ 28. Kh1 Qxf3+ 29. Kg1 Bxc3 30. Rxc3 Ne2+ 31. Kh2 Nxc3 0-1

[Event "Moscow op-A 15th"]
[Site "Moscow"]
[Date "2019.01.29"]
[Round "4"]
[White "Cervantes Landeiro, Thalia"]
[Black "Troyanovskiy, Egor"]
[Result "1-0"]
[WhiteElo "2159"]
[BlackElo "1592"]
[PlyCount "83"]
[EventDate "2019.01.26"]
[EventType "swiss"]
[EventRounds "9"]
[EventCountry "RUS"]
[SourceTitle "CBM 188 Extra"]
[Source "ChessBase"]
[SourceDate "2019.02.28"]
[SourceVersion "1"]
[SourceVersionDate "2019.02.28"]
[SourceQuality "1"]

1. d4 d5 2. c4 dxc4 3. Nf3 a6 4. e3 Bg4 5. Bxc4 e6 6. h3 Bh5 7. 0-0 Nf6 8. Nbd2 Nc6 9. b3 Bd6 10. Bb2 0-0 11. Be2 h6 12. Nc4 Bg6 13. Rc1 Qd7 14. Nxd6 cxd6 15. Ne1 Rac8 16. Nd3 Ne4 17. Nf4 Ne7 18. Nxg6 Nxg6 19. Rxc8 Rxc8 20. d5 e5 21. Bd3 Nc5 22. Bc2 Qe7 23. Bxg6 fxg6 24. Qg4 Qe8 25. Rc1 Kh7 26. Ba3 h5 27. Qd1 b6 28. Qf1 a5 29. Qc4 Rd8 30. Bxc5 bxc5 31. Qa6 a4 32. bxa4 Qf8 33. Rb1 Ra8 34. Qc6 Rc8 35. Qb7 c4 36. a5 c3 37. a6 Qd8 38. a7 Ra8 39. Rc1 Qc8 40. Qxc8 Rxc8 41. Rxc3 Ra8 42. Rc7 1-0

[Event "Moscow op-A 15th"]
[Site "Moscow"]
[Date "2019.01.27"]
[Round "2"]
[White "Savchenko, Boris"]
[Black "Troyanovskiy, Egor"]
[Result "1-0"]
[WhiteElo "2562"]
[BlackElo "1592"]
[PlyCount "47"]
[EventDate "2019.01.26"]
[EventType "swiss"]
[EventRounds "9"]
[EventCountry "RUS"]
[SourceTitle "CBM 188 Extra"]
[Source "ChessBase"]
[SourceDate "2019.02.28"]
[SourceVersion "1"]
[SourceVersionDate "2019.02.28"]
[SourceQuality "1"]

1. e4 d5 2. exd5 Qxd5 3. Nc3 Qa5 4. d4 Nf6 5. Nf3 c6 6. Bc4 Bf5 7. Qe2 e6 8. Nh4 Bb4 9. 0-0 Bg4 10. f3 Bh5 11. g4 Bg6 12. Nxg6 hxg6 13. Ne4 Nbd7 14. Bf4 0-0-0 15. c3 Bf8 16. Ng5 Bd6 17. b4 Qc7 18. Bxd6 Qxd6 19. Nxf7 Qf4 20. Nxh8 Rxh8 21. Bxe6 Kd8 22. Rae1 Nb6 23. Qe5 Nbd5 24. c4 1-0

[Event "Moscow op-A 15th"]
[Site "Moscow"]
[Date "2019.01.26"]
[Round "1"]
[White "Troyanovskiy, Egor"]
[Black "Cherednichenko, Dmitrij"]
[Result "1/2-1/2"]
[WhiteElo "1592"]
[BlackElo "2285"]
[PlyCount "113"]
[EventDate "2019.01.26"]
[EventType "swiss"]
[EventRounds "9"]
[EventCountry "RUS"]
[SourceTitle "CBM 188 Extra"]
[Source "ChessBase"]
[SourceDate "2019.02.28"]
[SourceVersion "1"]
[SourceVersionDate "2019.02.28"]
[SourceQuality "1"]

1. d4 f5 2. Bf4 Nf6 3. Nf3 g6 4. e3 Bg7 5. Bc4 d5 6. Bb3 0-0 7. h3 Be6 8. Nc3 c6 9. 0-0 h6 10. Ne5 g5 11. Bh2 Nbd7 12. Qe2 Ne4 13. Rad1 Nxc3 14. bxc3 Nxe5 15. Bxe5 Bxe5 16. dxe5 Qa5 17. c4 dxc4 18. Bxc4 Qxe5 19. Rd7 b5 20. Bxe6+ Qxe6 21. Qd2 a5 22. Rd1 a4 23. Qc3 Rf6 24. Qc5 Re8 25. a3 f4 26. exf4 Rxf4 27. Qc3 Qf6 28. Qe3 Rc4 29. R1d6 Qa1+ 30. Kh2 Qg7 31. Qe6+ Qf7 32. Qxh6 exd6 33. Qxg5+ Kf8 34. Qh6+ Kg8 35. Rxf7 Kxf7 36. Qxd6 Re6 37. Qd7+ Kf6 38. Qh7 Ree4 39. Qh8+ Ke6 40. f3 Re5 41. Qh7 Kd6 42. f4 Rd5 43. f5 Ke5 44. Qg6 Rd6 45. Qg3+ Kd5 46. Qg8+ Ke5 47. Qe8+ Kxf5 48. g4+ Kf4 49. Qf8+ Ke5 50. Qf5+ Kd4 51. Qf2+ Kd5 52. Qf5+ Kd4 53. Qf2+ Ke4 54. Qf5+ Kd4 55. Qf2+ Kd5 56. Qf5+ Kd4 57. Qf2+ 1/2-1/2